Buccaneers Players With 1000 Scrimmage Yards - Statistics

General Stats
  • This quiz has been taken 16 times
  • The average score is 36 of 63
Answer Stats
Position (Year) Yards Player % Correct
WR (2018) 1,524 Mike Evans
100%
WR (2016) 1,321 Mike Evans
100%
WR (2023) 1,255 Mike Evans
100%
WR (2015) 1,206 Mike Evans
100%
WR (2019) 1,157 Mike Evans
100%
WR (2022) 1,124 Mike Evans
100%
WR (2014) 1,051 Mike Evans
100%
WR (2021) 1,045 Mike Evans
100%
WR (2020) 1,006 Mike Evans
100%
WR (2024) 1,004 Mike Evans
100%
WR (2017) 1,001 Mike Evans
100%
WR (2019) 1,341 Chris Godwin
93%
WR (2021) 1,124 Chris Godwin
93%
WR (2023) 1,062 Chris Godwin
93%
WR (2022) 1,028 Chris Godwin
93%
RB (2023) 1,539 Rachaad White
93%
RB (2024) 1,006 Rachaad White
93%
RB (2021) 1,266 Leonard Fournette
80%
RB (2022) 1,191 Leonard Fournette
80%
FB (1999) 1,188 Mike Alstott
80%
RB (2020) 1,143 Ronald Jones
80%
RB (2019) 1,033 Ronald Jones
80%
RB (2012) 1,926 Doug Martin
73%
RB (2015) 1,673 Doug Martin
73%
WR (2001) 1,266 Keyshawn Johnson
73%
WR (2002) 1,088 Keyshawn Johnson
73%
WR (2012) 1,384 Vincent Jackson
73%
WR (2013) 1,224 Vincent Jackson
73%
WR (2014) 1,002 Vincent Jackson
73%
RB (2024) 1,514 Bucky Irving
67%
RB (2005) 1,259 Cadillac Williams
60%
RB (2009) 1,040 Cadillac Williams
60%
RB (1984) 2,229 James Wilder
47%
RB (1985) 1,641 James Wilder
47%
RB (1986) 1,030 James Wilder
47%
RB (1983) 1,020 James Wilder
47%
RB (2000) 1,555 Warrick Dunn
47%
RB (1997) 1,440 Warrick Dunn
47%
RB (1998) 1,370 Warrick Dunn
47%
RB (1999) 1,205 Warrick Dunn
47%
RB (2008) 1,116 Warrick Dunn
47%
RB (2001) 1,004 Warrick Dunn
47%
RB (2003) 1,348 Michael Pittman
33%
WR (2004) 1,317 Michael Pittman
33%
RB (2002) 1,195 Michael Pittman
33%
FB (1979) 1,511 Ricky Bell
33%
RB (1990) 1,110 Gary Anderson
27%
WR (2003) 1,174 Keenan McCardell
27%
RB (2010) 1,021 LeGarrette Blount
27%
WR (2005) 1,291 Joey Galloway
20%
WR (2006) 1,066 Joey Galloway
20%
WR (2007) 1,015 Joey Galloway
20%
WR (1989) 1,422 Mark Carrier
20%
WR (2008) 1,270 Antonio Bryant
13%
RB (2015) 1,090 Charles Sims
13%
RB (1995) 1,317 Errict Rhett
13%
RB (1994) 1,130 Errict Rhett
13%
WR (2004) 1,223 Michael Clayton
13%
RB (1992) 1,327 Reggie Cobb
13%
WR (1988) 1,029 Bruce Hill
7%
RB (2007) 1,222 Earnest Graham
7%
WR (1981) 1,185 Kevin House
7%
WR (1984) 1,005 Kevin House
7%
No matching quizzes found
Score Distribution
Percent of People with Each Score
Percentile by Number Answered
Your Score History
You have not taken this quiz